00329nam a2200121 a 45000010005000000030005000050050017000100080041000270400020000681000027000882450072001152600020001871242CDMR20130116135207.0130130s1975||||||||||||||||||||||||||||d aCDMRbcatcCDMR1 aMiguel Gómez, Cirilo10aEstudio cuantitativo de la prensa de BarcelonacCirilo Miguel Gomez aBarcelonac1975